| 000 | 00847nam a2200253 4500 | ||
|---|---|---|---|
| 003 | OSt | ||
| 005 | 20260530115258.0 | ||
| 008 | 260421b1988 xxu |||| |||| 00| 0 eng d | ||
| 020 | _a0465067107 | ||
| 040 |
_aICI _bspa _cICI |
||
| 050 |
_aTS171.4 _bN67 2002 |
||
| 100 | 1 |
_aDonald A. Norman _930741 |
|
| 245 | 1 | 0 |
_aThe Design of everyday things _cDonald A. Norman |
| 264 | 1 |
_bBasic Books _c1988 _a New York |
|
| 300 |
_a257 páginas _b ilustraciones |
||
| 336 |
_atexto _2rdacontent |
||
| 337 |
_asin medio _2rdamedia |
||
| 338 |
_avolumen _2rdacarrier |
||
| 500 | _a Publicado de la reimpresión original: The psychology of everyday things. New York : Basic Books, c1988 | ||
| 500 | _aWith a new introduction by the author"--Cubierta | ||
| 650 | 4 |
_aDiseño industrial _xAspectos psicológicos _930742 |
|
| 650 | 4 | _aErgonomía | |
| 942 |
_2ddc _cBK |
||
| 999 |
_c12691 _d12691 |
||